| 000 | 00983nam a22003137a 4500 | ||
|---|---|---|---|
| 003 | CHAP | ||
| 005 | 20220329133225.0 | ||
| 008 | 971013s1919 r 00010 d | ||
| 010 | _a3601 | ||
| 011 | _a4573 | ||
| 035 | _a3777 | ||
| 040 | _cCHAP | ||
| 082 |
_a635.0946 _bC4 |
||
| 110 |
_aCentro de Investigación y Desarrollo Hortícola de la Mojonera. La Cañada, Almería _921154 |
||
| 245 | _aMemoria de actividades | ||
| 260 |
_aAlmería : _bEl Centro, _c19-- 19--. |
||
| 300 | _av. | ||
| 500 | _aD50-173 | ||
| 500 | _aLa biblioteca tiene: 1988 | ||
| 590 |
_aBATCH-UPD _b10 _c20130109 _lUCH01 _h2347 |
||
| 590 |
_aBATCH-UPD _b10 _c20130409 _lUCH01 _h1918 |
||
| 590 |
_aBATCH-UPD _b10 _c20130914 _lUCH01 _h1622 |
||
| 590 |
_aCONVERSION _b10 _c20130109 _lUCH01 _h1303 |
||
| 650 | 1 | 4 |
_aHorticultura _xEspaña. _956327 |
| 650 | 1 | 4 |
_aHorticultura _xInvestigación. _956343 |
| 901 | _aBK | ||
| 942 | _cLIBRO | ||
| 949 |
_a635.0946 C4 _bBC _cLIBRO _d33724000251005 _eLIBRO _h79839 _i3777 _mD _si |
||
| 999 |
_c3601 _d3601 |
||